000 00388 a2200157 4500
020 _a9695190243
082 _a297.422092
090 _c5983
_d5983
100 _aChodkiewicz,Michel.
245 _aSeal of the Saints.
_cMichel Chodkiewicz.
250 _a1st
260 _aLahore.
_bSuhail Academy.
_c2001.
300 _a192p.
500 _aHardcover.
942 _aNBS
_cBK
_k297.422092 CHO
999 _c348372
_d348372